Top 100 Biggest CDPs in Florida - Statistics

General Stats
  • This quiz has been taken 187 times
  • The average score is 5 of 100
Answer Stats
Rank Answer Population % Correct
8 The Villages 82,108
80%
12 Port Charlotte 64,971
60%
3 Brandon 116,365
40%
2 Spring Hill 118,814
40%
6 Town 'n' Country 86,544
40%
19 Kendale Lakes 52,141
20%
9 Kendall 78,527
20%
1 Lehigh Acres 127,391
20%
88 Midway (Santa Rosa County) 20,745
20%
4 Riverview 107,776
20%
100 South Venice 17,399
20%
20 Tamiami 51,201
20%
28 The Acreage 40,188
20%
22 University (Hillsborough County) 48,868
20%
24 University (Orange County) 42,481
20%
5 Alafaya 90,874
0%
53 Apollo Beach 28,347
0%
78 Bayonet Point 23,787
0%
97 Bayshore Gardens 18,324
0%
69 Bellview 25,051
0%
77 Bloomingdale 23,979
0%
91 Bradfordville 19,548
0%
79 Brent 23,441
0%
42 Buenaventura Lakes 32,310
0%
35 Carrollwood 35,645
0%
54 Citrus Park 28,163
0%
76 Coral Terrace 24,051
0%
21 Country Club 51,000
0%
95 Country Walk 18,693
0%
41 East Lake 33,019
0%
51 East Lake-Orient Park 29,064
0%
34 Egypt Lake-Leto 35,709
0%
92 Englewood 19,385
0%
81 Ensley 23,036
0%
47 Ferry Pass 30,467
0%
62 Fish Hawk 25,945
0%
50 Fleming Island 29,351
0%
85 Florida Ridge 21,517
0%
17 Fountainebleau 56,453
0%
15 Four Corners 60,443
0%
36 Fruit Cove 35,609
0%
94 Gibsonton 18,831
0%
96 Glenvar Heights 18,488
0%
52 Golden Gate 28,767
0%
38 Golden Glades 35,042
0%
84 Holiday 21,768
0%
13 Horizon West 62,152
0%
86 Hunters Creek 21,255
0%
65 Immokalee 25,624
0%
61 Ives Estates 26,154
0%
80 Jasmine Estates 23,151
0%
37 Kendall West 35,492
0%
59 Keystone 26,723
0%
44 Lake Magdalene 31,733
0%
45 Lakeside 31,548
0%
29 Lakewood Ranch 39,434
0%
25 Land O' Lakes 41,845
0%
87 Lealman 21,026
0%
57 Leisure City 26,917
0%
74 Liberty Triangle 24,178
0%
58 Lutz 26,731
0%
83 Marion Oaks 22,296
0%
27 Meadow Woods 40,741
0%
39 Merritt Island 34,718
0%
30 Navarre 38,988
0%
67 Nocatee 25,581
0%
68 Northdale 25,420
0%
23 North Fort Myers 44,189
0%
46 Oakleaf Plantation 30,737
0%
73 Oak Ridge 24,395
0%
64 Pace 25,630
0%
63 Palm City 25,699
0%
14 Palm Harbor 61,454
0%
60 Palm River-Clair Mel 26,719
0%
90 Palm Valley 19,775
0%
7 Pine Hills 82,264
0%
99 Pinewood 17,427
0%
11 Poinciana 71,665
0%
71 Port St. John 24,617
0%
26 Princeton 41,476
0%
33 Richmond West 35,988
0%
48 Ruskin 30,074
0%
98 San Carlos Park 18,252
0%
55 Silver Springs Shores 27,556
0%
66 South Bradenton 25,585
0%
32 South Miami Heights 37,525
0%
43 Sun City Center 31,801
0%
82 The Crossings 22,359
0%
16 The Hammocks 58,548
0%
93 Trinity 19,296
0%
31 Valrico 38,820
0%
49 Vero Beach South 29,365
0%
75 Wekiwa Springs 24,109
0%
10 Wesley Chapel 71,965
0%
70 Westchase 24,818
0%
18 Westchester 53,082
0%
40 West Little River 33,147
0%
89 West Pensacola 20,679
0%
72 World Golf Village 24,485
0%
56 Wright 27,233
0%
No matching quizzes found
Score Distribution
Percent of People with Each Score
Percentile by Number Answered
Your Score History
You have not taken this quiz